Statistics for NFL LOGOS 1 MINUTE SPRINT

Click here to take the quiz!

General Stats

  • This quiz has been taken 108 times
  • The average score is 25 of 32

Answer Stats

Answer% Correct
Carolina Panthers
98%
New England Patriots
96%
New York Jets
96%
Detroit Lions
94%
Green Bay Packers
94%
Jacksonville Jaguars
94%
Las Vegas Raiders
94%
Miami Dolphins
94%
Minnesota Vikings
94%
Pittsburgh Steelers
94%
Tennessee Titans
92%
Cincinnati Bengals
90%
Los Angeles Rams
90%
Atlanta Falcons
88%
Buffalo Bills
88%
Chicago Bears
86%
Philadelphea Eagles
84%
Baltimore Ravens
82%
Washington Commanders
82%
Indianapolis Colts
80%
New Orleans Saints
76%
Dallas Cowboys
73%
Denver Broncos
71%
Sanfransisco 49ers
71%
Kansas City Chiefs
69%
New York Giants
69%
Los Angeles Chargers
61%
Cleveland Browns
59%
Seattle Seahawks
51%
Arizona Cardinals
41%
Houston Texans
41%
Tampa Bay Buccaneers
41%

Score Distribution

Percentile by Number Answered

Percent of People with Each Score

Your Score History

You have not taken this quiz